| 000 | 00755nam a2200241 a 4500 | ||
|---|---|---|---|
| 001 | BRCA_8689 | ||
| 005 | 20190320210352.0 | ||
| 008 | 081216s1761----mx-#######---#000-0#spa-# | ||
| 041 | _aspa | ||
| 044 | _amx | ||
| 245 | 1 | 0 | _aCedula de 25 de noviembre de 1782. |
| 260 |
_aMéxico _b[s.i.] _c1761 |
||
| 300 |
_a96 p. _c30 cm |
||
| 500 | _aFondo antiguo | ||
| 500 | _aSe encuentra en Caja Fuerte | ||
| 500 | _aD-127 | ||
| 500 | _aTexto en manuscrito, con sellos | ||
| 500 | _aDentro de la carpeta se encuentra una hoja azul de cuaderno suelta | ||
| 500 | _aNota de encuadernación: carpeta en piel pergamino | ||
| 506 | 0 | _aFondo reservado: para su consulta es necesario credencial de usuario y carta de motivos | |
| 902 | _aLAR | ||
| 942 |
_2lcc _cB |
||
| 999 |
_c8344 _d8344 |
||